[Event "Reykjavik Open 2015"]
[Site "Reykjavik ISL"]
[Date "2015.03.17"]
[Round "9.31"]
[White "Georgiadis, Nico"]
[Black "Bisby, Daniel L"]
[Result "1-0"]
[WhiteTitle "IM"]
[BlackTitle "FM"]
[WhiteElo "2468"]
[BlackElo "2321"]
[WhiteFideId "1300113"]
[BlackFideId "404586"]
[EventDate "2015.03.10"]

1. e4 c5 2. Nf3 Nc6 3. d4 cxd4 4. Nxd4 g6 5. Nc3 Bg7 6. Be3 Nf6 7. Bc4 Qa5 8.
O-O O-O 9. Bb3 d6 10. h3 Bd7 11. Re1 Qh5 12. Nf3 Ne5 13. Nxe5 Qxe5 14. Nd5 Nxd5
15. Bxd5 Ba4 16. Rb1 Rac8 17. b3 Bc6 18. c4 e6 19. f4 Qc3 20. Bxc6 Rxc6 21. Rc1
Qb4 22. Bd4 e5 23. Be3 exf4 24. Bxf4 Be5 25. Bxe5 dxe5 26. Qd5 Rc5 27. Qd7 Qb6
28. Kh2 Rcc8 29. Rcd1 Rcd8 30. Qe7 Rde8 31. Qh4 Qa5 32. Re2 Rd8 33. Rd5 Qb6 34.
Rxe5 Rd1 35. Rf2 Qe3 36. Rd5 Re1 37. Qf4 Qb6 38. e5 Qc7 39. Qd4 Qb8 40. Rd7 Rxe5
41. Rxb7 Qxb7 42. Qxe5 Rd8 43. Re2 h5 44. c5 a5 45. Qf4 Qd7 46. Re4 Qb7 47. Rd4
Re8 48. Qd6 Re6 49. Qd7 Qb8+ 50. Rd6 Qb4 51. Rxe6 Qf4+ 52. Kg1 fxe6 53. Qxe6+
Kh7 54. Qd6 1-0

[Event "Reykjavik Open 2015"]
[Site "Reykjavik ISL"]
[Date "2015.03.17"]
[Round "9.32"]
[White "Wege, Jochen"]
[Black "Bekker-Jensen, Simon"]
[Result "1/2-1/2"]
[WhiteTitle "FM"]
[BlackTitle "IM"]
[WhiteElo "2277"]
[BlackElo "2462"]
[WhiteFideId "4620488"]
[BlackFideId "1403613"]
[EventDate "2015.03.10"]

1. e4 c5 2. Nf3 d6 3. d4 cxd4 4. Nxd4 Nf6 5. Nc3 a6 6. f4 g6 7. Nf3 Bg7 8. Bd3
O-O 9. O-O Nbd7 10. Qe1 b5 11. Qh4 Nc5 12. f5 b4 13. Ne2 d5 14. e5 Nfe4 15. fxg6
fxg6 16. Bh6 Bxh6 17. Qxh6 Bg4 18. Nf4 Rf7 19. h3 Bxf3 20. Rxf3 Qf8 21. Qxf8+
Raxf8 22. Nxd5 Rxf3 23. gxf3 Ng5 24. Nxe7+ Kf7 25. Nc6 Nxf3+ 26. Kg2 Ke6 27.
Nxb4 Nxe5 28. Bxa6 Rb8 29. Nd3 Nxa6 30. Re1 Rb5 31. a4 Ra5 32. b4 Nxb4 33. Nxb4
Kd6 34. Nd3 Nxd3 35. Rd1 Rxa4 36. Rxd3+ Ke5 37. Kf3 Rc4 38. Re3+ Kf5 39. c3 h5
40. Rd3 g5 41. Rd5+ Kf6 42. Rd3 Ke5 43. Kf2 Ra4 44. Re3+ Kf4 1/2-1/2

[Event "Reykjavik Open 2015"]
[Site "Reykjavik ISL"]
[Date "2015.03.17"]
[Round "9.33"]
[White "Galego, Luis"]
[Black "Haugli, Petter"]
[Result "1-0"]
[WhiteTitle "GM"]
[BlackTitle "IM"]
[WhiteElo "2461"]
[BlackElo "2247"]
[WhiteFideId "1900072"]
[BlackFideId "1500104"]
[EventDate "2015.03.10"]

1. e4 c5 2. Nf3 e6 3. Nc3 Nc6 4. Bb5 d6 5. Bxc6+ bxc6 6. O-O e5 7. d3 Nf6 8. Ne1
Be7 9. f4 exf4 10. Bxf4 O-O 11. Nf3 d5 12. Kh1 Be6 13. e5 Nd7 14. Qd2 f6 15.
exf6 Bxf6 16. Rae1 Bg4 17. Na4 Re8 18. h3 Bxf3 19. Rxf3 Rxe1+ 20. Qxe1 Qe8 21.
Re3 Qh5 22. Bd6 h6 23. b3 Bd4 24. Re7 Nf8 25. Be5 Bxe5 26. Rxe5 Qf7 27. Re7 Qf4
28. Nxc5 Rd8 29. Rxa7 Rd6 30. Re7 Rf6 31. Re2 Ng6 32. Ne6 Qd6 33. d4 Rf7 34. a4
Ne7 35. a5 Nf5 36. Re5 Qa3 37. Nd8 1-0

[Event "Reykjavik Open 2015"]
[Site "Reykjavik ISL"]
[Date "2015.03.17"]
[Round "9.34"]
[White "Johannesson, Oliver"]
[Black "Akesson, Ralf"]
[Result "1-0"]
[BlackTitle "GM"]
[WhiteElo "2212"]
[BlackElo "2456"]
[WhiteFideId "2305623"]
[BlackFideId "1700120"]
[EventDate "2015.03.10"]

1. e4 c5 2. Nf3 e6 3. d4 cxd4 4. Nxd4 a6 5. Bd3 Bc5 6. Nb3 Be7 7. Qg4 g6 8. Qe2
d6 9. O-O Nd7 10. c4 b6 11. Nc3 Bb7 12. f4 Qc7 13. Bd2 Ngf6 14. Rae1 h5 15. Nd4
Rc8 16. e5 dxe5 17. fxe5 Bc5 18. exf6 Bxd4+ 19. Kh1 Nxf6 20. Bxg6 Qxc4 21. Qxc4
Rxc4 22. Rxe6+ Kd7 23. Bxf7 Rc6 24. Re2 Rh7 25. Bg6 Rg7 26. Bf5+ Kd8 27. Bh6 Re7
28. Rd2 Rc4 29. Ne2 1-0

[Event "Reykjavik Open 2015"]
[Site "Reykjavik ISL"]
[Date "2015.03.17"]
[Round "9.35"]
[White "Khademalsharieh, Sarasadat"]
[Black "Preotu, Razvan"]
[Result "1-0"]
[WhiteTitle "WGM"]
[BlackTitle "IM"]
[WhiteElo "2357"]
[BlackElo "2447"]
[WhiteFideId "12512214"]
[BlackFideId "2613280"]
[EventDate "2015.03.10"]

1. d4 f5 2. c4 Nf6 3. Nc3 e6 4. Nf3 Bb4 5. Qc2 b6 6. a3 Bxc3+ 7. Qxc3 O-O 8. b4
Bb7 9. Bb2 Qe7 10. e3 a5 11. Be2 Nc6 12. b5 Nd8 13. O-O d6 14. Rfd1 Nf7 15. a4
Ne4 16. Qc2 Qf6 17. d5 Qg6 18. Bf1 Nfg5 19. Nxg5 Nxg5 20. f4 Ne4 21. Be2 Rae8
22. Bf3 Nf6 23. Ra3 Nd7 24. e4 exd5 25. cxd5 fxe4 26. Bg4 Qxg4 27. Rg3 Qxg3 28.
hxg3 Nc5 29. Bd4 Rf5 30. Be3 Kf8 31. g4 Rxd5 32. Rxd5 Bxd5 33. f5 Re7 34. Qf2
Nd3 35. Qh4 Ne5 36. g5 g6 37. f6 Rd7 38. Qh3 Ke8 39. Bd4 Nd3 40. Qg4 Nb4 41. f7+
Bxf7 42. Qxe4+ Kf8 43. Qa8+ Be8 44. Qf3+ Rf7 45. Bf6 Bd7 46. Qb7 Be8 47. Bd8 1-0

[Event "Reykjavik Open 2015"]
[Site "Reykjavik ISL"]
[Date "2015.03.17"]
[Round "9.36"]
[White "Thorfinnsson, Bragi"]
[Black "Ni, Shiqun"]
[Result "1/2-1/2"]
[WhiteTitle "IM"]
[BlackTitle "WIM"]
[WhiteElo "2429"]
[BlackElo "2315"]
[WhiteFideId "2300958"]
[BlackFideId "8608466"]
[EventDate "2015.03.10"]

1. d4 Nf6 2. c4 g6 3. Nc3 d5 4. cxd5 Nxd5 5. h4 Bg7 6. h5 c5 7. e3 cxd4 8. exd4
Nc6 9. Nf3 Bg4 10. hxg6 hxg6 11. Rxh8+ Bxh8 12. Bc4 e6 13. Be3 Nde7 14. Kf1 Qd7
15. Ne4 Rd8 16. Qe2 Qc7 17. Rc1 Bg7 18. b4 Kf8 19. Bb3 Qb8 20. Neg5 Nxd4 21.
Bxd4 Rxd4 22. Bxe6 Qf4 23. Qe3 Qxe3 24. fxe3 Rxb4 25. Rd1 Bh6 26. a3 Ra4 27.
Rd8+ Kg7 28. Bd7 Bxd7 29. Rxd7 Bxg5 30. Nxg5 Nf5 31. Rxf7+ Kh6 32. Nf3 Rxa3 33.
Rxb7 Nxe3+ 34. Kf2 Nf5 35. Rb2 a5 36. Rb6 Ra2+ 37. Kg1 Ne3 38. Ne5 Rxg2+ 39. Kh1
Kg7 40. Ra6 Ra2 41. Rxg6+ Kh7 42. Ra6 a4 43. Nf3 Nd5 44. Nd4 Nc3 45. Rc6 Ne4 46.
Nb5 Kg7 47. Rc4 Nd2 48. Rc3 Kf6 49. Rc8 Ke5 50. Kg2 Rb2 51. Ra8 Nc4+ 52. Kg1 Nb6
53. Ra5 Kf4 54. Nc3 Rc2 55. Nxa4 Ra2 56. Ra7 Nxa4 57. Ra8 Kf3 58. Rf8+ Ke3 59.
Ra8 Kd3 60. Ra7 Kc4 61. Ra8 Kb5 62. Rb8+ Nb6 63. Rf8 Kc5 64. Rf2 Ra8 65. Rf7 Nd5
66. Kf2 Kd4 67. Rf3 Ke4 68. Rb3 Ra4 69. Kg3 Nf4 70. Rb8 Nd3 71. Rh8 Ra1 72. Re8+
Ne5 73. Kf2 Ra3 74. Kg2 Re3 1/2-1/2

[Event "Reykjavik Open 2015"]
[Site "Reykjavik ISL"]
[Date "2015.03.17"]
[Round "9.37"]
[White "Shen, Victor C"]
[Black "Barthel, Ansgar"]
[Result "1-0"]
[WhiteTitle "IM"]
[WhiteElo "2401"]
[BlackElo "2230"]
[WhiteFideId "2028581"]
[BlackFideId "4643461"]
[EventDate "2015.03.10"]

1. e4 Nf6 2. e5 Nd5 3. d4 d6 4. c4 Nb6 5. exd6 cxd6 6. Nc3 g6 7. Be3 Bg7 8. Rc1
O-O 9. b3 Bf5 10. Qd2 d5 11. c5 Nc8 12. Bh6 Nc6 13. Bxg7 Kxg7 14. Bb5 Qd7 15.
Nge2 a6 16. Bxc6 Qxc6 17. O-O Na7 18. Ng3 Qd7 19. Na4 Rad8 20. Rce1 Nc8 21. Re5
Bg4 22. Rfe1 Qc6 23. f3 Bd7 24. Nc3 Be8 25. Na4 Qf6 26. Nb2 e6 27. Nd3 Kh8 28.
Qh6 Qg7 29. Qh4 Bd7 30. Nh5 gxh5 31. Rg5 Qh6 32. Rxh5 Qg6 33. Ne5 1-0

[Event "Reykjavik Open 2015"]
[Site "Reykjavik ISL"]
[Date "2015.03.17"]
[Round "9.38"]
[White "Thorhallsson, Gylfi"]
[Black "Hauge, Lars Oskar"]
[Result "0-1"]
[BlackTitle "FM"]
[WhiteElo "2084"]
[BlackElo "2380"]
[WhiteFideId "2300800"]
[BlackFideId "1509276"]
[EventDate "2015.03.10"]

1. e4 c5 2. Nf3 a6 3. a3 e6 4. d4 cxd4 5. Nxd4 Qc7 6. Nc3 Nf6 7. Be2 Nc6 8. Be3
b5 9. O-O Bb7 10. f4 d6 11. Nxc6 Bxc6 12. Bd3 Be7 13. Qf3 g6 14. Rae1 O-O 15.
Kh1 Nd7 16. Ne2 Bb7 17. c3 Bf6 18. Bd4 Qd8 19. Bxf6 Qxf6 20. Qg3 Nc5 21. e5 Qd8
22. Bb1 Bd5 23. f5 exf5 24. Nf4 Be4 25. Bxe4 Nxe4 26. Rxe4 fxe4 27. Nd5 f5 28.
exf6 Ra7 29. Qe3 Raf7 30. Qxe4 Qe8 31. Re1 Qxe4 32. Rxe4 Rd7 33. g4 Kf7 34. g5
h6 35. h4 hxg5 36. hxg5 Rh8+ 37. Kg2 Rh5 38. Rg4 Rd8 39. Kf3 Re8 40. Ne7 Reh8
41. Rg1 Rh1 42. Rg4 R8h4 43. Rxh4 Rxh4 44. Nd5 Rh2 45. b4 Rh4 46. Nf4 Rh1 47.
Nd5 Ra1 48. Ke4 Rxa3 49. Kd4 Ra1 50. Ke4 Re1+ 51. Kf4 Rh1 52. Nc7 Rh4+ 53. Ke3
Rc4 54. Nxa6 Rxc3+ 55. Kd4 Rg3 56. Kd5 Rxg5+ 57. Kxd6 Kxf6 58. Kc6 Rf5 59. Nc5
g5 60. Kxb5 Ke5 61. Kc6 Rf6+ 62. Kc7 Kd5 63. Nd7 Rf7 64. Kc8 Rxd7 0-1

[Event "Reykjavik Open 2015"]
[Site "Reykjavik ISL"]
[Date "2015.03.17"]
[Round "9.39"]
[White "Welling, Gerard"]
[Black "Olafsson, Thorvardur"]
[Result "1/2-1/2"]
[WhiteTitle "IM"]
[WhiteElo "2355"]
[BlackElo "2230"]
[WhiteFideId "1000446"]
[BlackFideId "2301148"]
[EventDate "2015.03.10"]

1. d4 Nf6 2. Nf3 g6 3. e3 Bg7 4. Be2 d6 5. O-O O-O 6. c4 c6 7. Nc3 a6 8. a4 a5
9. b3 Na6 10. Bb2 Qc7 11. Ne1 e5 12. Nc2 Bf5 13. Bd3 Bxd3 14. Qxd3 exd4 15. Nxd4
Nb4 16. Qd2 d5 17. cxd5 Nfxd5 18. Nxd5 Nxd5 19. Nb5 cxb5 20. Bxg7 Kxg7 21. Qxd5
bxa4 22. Qd4+ Kg8 23. bxa4 Rfd8 24. Qb2 Ra6 25. Rab1 Rc6 26. h3 Rc2 27. Qf6 Rdd2
28. Rfd1 Rxd1+ 29. Rxd1 Rc1 30. Qd4 Rxd1+ 31. Qxd1 Qe7 32. g3 Qb4 33. Qd7 h6 1/2-1/2

[Event "Reykjavik Open 2015"]
[Site "Reykjavik ISL"]
[Date "2015.03.17"]
[Round "9.40"]
[White "Miller, David"]
[Black "Colovic, Aleksandar"]
[Result "0-1"]
[BlackTitle "GM"]
[WhiteElo "2066"]
[BlackElo "2482"]
[WhiteFideId "2608634"]
[BlackFideId "15000729"]
[EventDate "2015.03.10"]

1. e4 c5 2. Nf3 e6 3. d4 cxd4 4. Nxd4 Nc6 5. Nc3 d6 6. Be3 Nf6 7. Bc4 Be7 8. Bb3
O-O 9. Qe2 Bd7 10. O-O-O Nxd4 11. Bxd4 Qa5 12. Kb1 Rac8 13. Rhg1 Bc6 14. g4 Nd7
15. Nd5 Bxd5 16. exd5 e5 17. f4 Rfe8 18. fxe5 Nxe5 19. Qf2 Bd8 20. Rdf1 Bb6 21.
Bxb6 axb6 22. g5 Rc7 23. Re1 Qc5 24. Qf5 Rce7 25. Rgf1 Ng6 26. Rd1 Qc7 27. Ba4
Ra8 28. Bb3 Re5 29. Qg4 Rae8 30. Qg3 Qe7 31. Ba4 Ra8 32. Bb5 Rxg5 33. Qf2 Qc7
34. Rd3 Rf8 35. Rc3 Qd8 36. h4 Rh5 37. Rf3 Rxh4 38. Rxf7 Rf4 39. Rxf4 Rxf4 40.
Qg3 Qh4 41. Qc3 Rxf1+ 42. Bxf1 Qg4 43. Qe1 Ne5 44. b3 h5 45. Qf2 h4 46. Kb2 Qf3
47. Qxb6 Qxf1 48. Qd8+ Qf8 49. Qxh4 Qf6 50. Qh3 Nc4+ 0-1

[Event "Reykjavik Open 2015"]
[Site "Reykjavik ISL"]
[Date "2015.03.17"]
[Round "9.41"]
[White "Thorhallsson, Throstur"]
[Black "Edvardsson, Kristjan"]
[Result "1-0"]
[WhiteTitle "GM"]
[WhiteElo "2428"]
[BlackElo "2176"]
[WhiteFideId "2300109"]
[BlackFideId "2300893"]
[EventDate "2015.03.10"]

1. e4 d6 2. d4 Nf6 3. Nc3 g6 4. f4 Bg7 5. Bd3 Nc6 6. Nf3 O-O 7. h3 e5 8. fxe5
dxe5 9. d5 Nd4 10. Bg5 h6 11. Be3 Nh5 12. Qd2 Nxf3+ 13. gxf3 Qh4+ 14. Bf2 Qf4
15. O-O-O Qxd2+ 16. Rxd2 Bd7 17. Bc5 Rfd8 18. Ne2 Nf4 19. Nxf4 exf4 20. h4 Be5
21. Bc4 Kg7 22. Rg1 Kf6 23. Rdg2 a6 24. Bd3 Rg8 25. Bf2 Rh8 26. c3 Rag8 27. Be2
Rg7 28. Bc5 Rhg8 29. Kd2 Bh3 30. Rh2 Bd7 31. Bd4 Re8 32. Bf1 Reg8 33. Bh3 Bxh3
34. Rxh3 g5 35. hxg5+ hxg5 36. Rh5 Re8 37. Rg4 c6 38. Rxf4+ Kg6 39. Rxg5+ Kxg5
40. Rf5+ Kh4 41. Bxe5 Rg2+ 42. Kd3 cxd5 43. exd5 Rxb2 44. d6 Rb6 45. d7 Rd8 46.
Rxf7 Rc6 47. Ke4 Kg5 48. f4+ Kg6 49. Rg7+ Kh6 50. Re7 b5 51. Kd5 Rc4 52. Kd6
Rcc8 53. Re6+ Kh7 54. Ke7 1-0

[Event "Reykjavik Open 2015"]
[Site "Reykjavik ISL"]
[Date "2015.03.17"]
[Round "9.42"]
[White "Hagen, Andreas Skytte"]
[Black "Brzezinski, Adam"]
[Result "1-0"]
[WhiteTitle "IM"]
[WhiteElo "2412"]
[BlackElo "2150"]
[WhiteFideId "1407341"]
[BlackFideId "1710460"]
[EventDate "2015.03.10"]

1. Nf3 e6 2. c4 c5 3. g3 Nc6 4. Nc3 f5 5. Bg2 Nf6 6. O-O Be7 7. d4 Ne4 8. Nxe4
fxe4 9. Ne5 cxd4 10. Nxc6 dxc6 11. e3 dxe3 12. Bxe3 Qxd1 13. Raxd1 e5 14. Bxe4
O-O 15. Kg2 Be6 16. b3 a5 17. a4 Bb4 18. Rd3 Rad8 19. Rfd1 Rxd3 20. Rxd3 Rf7 21.
Bb6 g6 22. f3 Rd7 23. Kf2 Kf7 24. Ke2 Ke7 25. Be3 Rxd3 26. Kxd3 Kd6 27. g4 Bd7
28. h4 b5 29. h5 bxc4+ 30. bxc4 gxh5 31. gxh5 Bh3 32. Bxh7 Bf1+ 33. Kc2 Bxc4 34.
h6 Kc7 35. Bd3 Bxd3+ 36. Kxd3 Bf8 37. h7 Bg7 38. f4 Kd6 39. fxe5+ Kd5 40. Bd2 c5
41. Bxa5 c4+ 42. Kc2 1-0

[Event "Reykjavik Open 2015"]
[Site "Reykjavik ISL"]
[Date "2015.03.17"]
[Round "9.43"]
[White "Jensson, Einar Hjalti"]
[Black "Byron, Alan M"]
[Result "0-1"]
[WhiteTitle "FM"]
[WhiteElo "2390"]
[BlackElo "2172"]
[WhiteFideId "2301067"]
[BlackFideId "401773"]
[EventDate "2015.03.10"]

1. e4 d6 2. d4 Nf6 3. Nc3 g6 4. f4 Bg7 5. Nf3 O-O 6. Bd3 Na6 7. O-O c5 8. d5 Bg4
9. Bc4 Nc7 10. h3 Bxf3 11. Qxf3 a6 12. a4 b6 13. Ra3 Rb8 14. Rb3 Qe8 15. Qe2 e6
16. dxe6 Nxe6 17. Bxe6 Qxe6 18. f5 gxf5 19. exf5 Qxe2 20. Nxe2 Ne4 21. Rd3 Rfe8
22. Rfd1 c4 23. Re3 Re5 24. Ng3 Nc5 25. Rxd6 Rxe3 26. Bxe3 Be5 27. Rd4 Bxd4 28.
Bxd4 Rd8 29. Bxc5 bxc5 30. Ne4 Rb8 31. b3 cxb3 32. cxb3 Rxb3 33. Nxc5 Rb6 34.
Kf2 Rc6 35. Nb7 Rb6 36. Nc5 Rc6 37. Nb7 Rc7 38. Nd6 Rc2+ 39. Kf3 Ra2 40. Kf4
Rxa4+ 41. Ke5 Rb4 42. Ne8 a5 43. Nf6+ Kg7 44. Ne8+ Kf8 45. Nf6 a4 46. Nxh7+ Kg7
47. Nf6 0-1

[Event "Reykjavik Open 2015"]
[Site "Reykjavik ISL"]
[Date "2015.03.17"]
[Round "9.44"]
[White "Arnold, Max"]
[Black "Ahlander, Bjorn"]
[Result "0-1"]
[BlackTitle "IM"]
[WhiteElo "2189"]
[BlackElo "2380"]
[WhiteFideId "24682810"]
[BlackFideId "1700251"]
[EventDate "2015.03.10"]

1. e4 c5 2. Nf3 d6 3. Bb5+ Nd7 4. d4 cxd4 5. Qxd4 a6 6. Bxd7+ Bxd7 7. c4 Rc8 8.
O-O e5 9. Qd3 Qc7 10. b3 b5 11. Na3 Qb7 12. Re1 h6 13. Bd2 Nf6 14. cxb5 axb5 15.
Bb4 Bc6 16. Nd2 Be7 17. Nab1 O-O 18. Nc3 Nh5 19. g3 Nf6 20. Nf1 Rfe8 21. a3 Rcd8
22. Rad1 d5 23. Bxe7 Qxe7 24. exd5 Nxd5 25. Nxd5 Rxd5 26. Qc3 Rxd1 27. Rxd1 Ba8
28. a4 bxa4 29. bxa4 Qb7 30. f3 Rc8 31. Qe3 Qxf3 32. Qxf3 Bxf3 33. Rd2 Rc3 34.
Ra2 Bd5 35. Ra1 f5 36. a5 f4 37. gxf4 exf4 38. Kf2 Rc2+ 39. Ke1 f3 40. Kd1 Rf2
41. Ke1 Re2+ 42. Kd1 Bb3+ 43. Kc1 Re1+ 44. Kb2 Rxa1 45. Kxa1 Bc4 0-1

[Event "Reykjavik Open 2015"]
[Site "Reykjavik ISL"]
[Date "2015.03.17"]
[Round "9.45"]
[White "Gulamali, Kazim"]
[Black "Halldorsson, Jon Arni"]
[Result "0-1"]
[WhiteTitle "FM"]
[WhiteElo "2350"]
[BlackElo "2150"]
[WhiteFideId "2024764"]
[BlackFideId "2301075"]
[EventDate "2015.03.10"]

1. e4 e6 2. d4 d5 3. e5 c5 4. c3 Nc6 5. Nf3 Bd7 6. a3 c4 7. Nbd2 Na5 8. g3 Ne7
9. Bh3 Nc8 10. O-O Nb6 11. Ne1 Ba4 12. Qe2 Qd7 13. f4 g6 14. Ndf3 Nb3 15. Rb1
O-O-O 16. Be3 Kb8 17. Bf2 Be7 18. Ng2 Rdg8 19. Ne3 h5 20. Kg2 Na8 21. g4 hxg4
22. Bxg4 Nc7 23. Ng5 Bd8 24. h4 Ne8 25. Nc2 Ng7 26. Ne1 Qc7 27. Nef3 Be8 28. Rh1
Nh5 29. Be3 Ng7 30. Rh2 Qe7 31. Rbh1 Qf8 32. Qe1 Nh5 33. Ng1 Qe7 34. Ne2 Ng7 35.
Ng3 Na5 36. h5 gxh5 37. Nxh5 Nxh5 38. Rxh5 Rxh5 39. Rxh5 f5 40. Rh7 Rxg5 0-1

[Event "Reykjavik Open 2015"]
[Site "Reykjavik ISL"]
[Date "2015.03.17"]
[Round "9.46"]
[White "Ragnarsson, Dagur"]
[Black "Karlsson, Mikael Johann"]
[Result "1-0"]
[WhiteElo "2347"]
[BlackElo "2138"]
[WhiteFideId "2304058"]
[BlackFideId "2305194"]
[EventDate "2015.03.10"]

1. b3 Nf6 2. Bb2 b6 3. Nf3 Bb7 4. e3 c5 5. d4 e6 6. Be2 Be7 7. O-O O-O 8. Nbd2
d6 9. c4 Nbd7 10. Qc2 Qc7 11. Rad1 Rfd8 12. Rfe1 Rac8 13. Qb1 a6 14. e4 cxd4 15.
Nxd4 Nc5 16. Bf3 Nfd7 17. b4 Na4 18. Ba1 Ne5 19. Qb3 Qd7 20. Be2 Ng6 21. Bg4 Bf6
22. f4 Nxf4 23. Rf1 h5 24. Rxf4 hxg4 25. Rxf6 gxf6 26. Qg3 Kf8 27. Qh4 Ke7 28.
Nf5+ 1-0

[Event "Reykjavik Open 2015"]
[Site "Reykjavik ISL"]
[Date "2015.03.17"]
[Round "9.47"]
[White "Loftsson, Hrafn"]
[Black "Loos, Roland"]
[Result "0-1"]
[WhiteElo "2171"]
[BlackElo "2337"]
[WhiteFideId "2300729"]
[BlackFideId "4643232"]
[EventDate "2015.03.10"]

1. c4 c6 2. Nf3 d5 3. g3 Nf6 4. Bg2 dxc4 5. O-O b5 6. a4 a6 7. axb5 cxb5 8. Nd4
Qxd4 9. Bxa8 Bh3 10. Bg2 Bxg2 11. Kxg2 e6 12. d3 cxd3 13. Qxd3 Qxd3 14. exd3 Nd5
15. Nc3 Nb4 16. Bf4 N8c6 17. Ne2 Be7 18. Bd2 Kd7 19. Bc3 f6 20. Rfd1 Rd8 21. d4
Bd6 22. Nc1 Ra8 23. Bxb4 Nxb4 24. Nb3 Kc6 25. Rac1+ Kd5 26. Nc5 Ra7 27. f3 f5
28. Nb3 a5 29. Rc8 Rc7 30. Rxc7 Bxc7 31. Kf2 Bb6 32. Ke2 Nc6 33. Kd3 a4 34. Nc5
Nxd4 35. Nd7 Ba7 36. f4 Nc6 37. Kc3+ Bd4+ 38. Kc2 b4 39. Nb6+ Kc5 40. Nxa4+ Kb5
41. b3 h6 42. Kd3 Bf6 43. Rc1 Na5 44. Rc5+ Ka6 45. Kc2 Bd4 46. Rc7 Kb5 47. Nb2
Nc6 48. Nc4 Bc3 49. Kb1 Nd4 50. Ka2 Ne2 51. Re7 Nc1+ 52. Kb1 Nxb3 53. Nd6+ Kc5
54. Rxe6 Nd4 55. Nb7+ Kc4 56. Na5+ Kd3 57. Rd6 Ke4 58. Nc6 Nb5 59. Re6+ Kd5 60.
Nd8 Bf6 61. Rb6 Na3+ 62. Ka2 Bxd8 63. Rxb4 Nc4 64. Kb3 Ne3 65. Ra4 Bf6 66. Ra2
Ke4 67. Kb4 Bd4 68. Kb5 h5 69. Kc6 h4 70. Kd6 hxg3 71. hxg3 Nf1 72. Ra3 Bf2 73.
Ra4+ Bd4 74. Ra3 Bf2 75. Ra4+ Kf3 76. Ke5 Nxg3 77. Rb4 Be3 78. Rb3 g6 79. Kf6
Kxf4 80. Kxg6 Kf3 81. Kf6 f4 82. Kg5 Ne4+ 83. Kh4 Ke2 84. Rb2+ Bd2 85. Kg4 Nf2+
86. Kf5 f3 87. Ra2 Nd1 88. Kg4 0-1

[Event "Reykjavik Open 2015"]
[Site "Reykjavik ISL"]
[Date "2015.03.17"]
[Round "9.48"]
[White "Hitzler, Philipp"]
[Black "Ingvason, Johann"]
[Result "0-1"]
[WhiteElo "2315"]
[BlackElo "2135"]
[WhiteFideId "4658930"]
[BlackFideId "2301431"]
[EventDate "2015.03.10"]

1. d4 d5 2. c4 c6 3. Nf3 Nf6 4. Qc2 e6 5. e3 Nbd7 6. Nc3 Bd6 7. Bd3 dxc4 8. Bxc4
O-O 9. O-O b5 10. Bb3 Bb7 11. e4 e5 12. dxe5 Nxe5 13. Nxe5 Bxe5 14. Qe2 a5 15.
Re1 a4 16. Bc2 a3 17. Nd1 Re8 18. f4 Bd4+ 19. Kh1 Nxe4 20. Bxe4 f5 21. Qc2 c5
22. Nc3 Bxe4 23. Nxe4 Rxe4 24. Rxe4 fxe4 25. Rb1 axb2 26. Bxb2 Qd5 27. a3 e3 28.
Qd3 Rb8 29. Rd1 Qc4 30. Bxd4 e2 0-1

[Event "Reykjavik Open 2015"]
[Site "Reykjavik ISL"]
[Date "2015.03.17"]
[Round "9.49"]
[White "Mihajlov, Sebastian"]
[Black "Sigeman, Johan"]
[Result "1/2-1/2"]
[WhiteTitle "FM"]
[WhiteElo "2308"]
[BlackElo "2123"]
[WhiteFideId "1512110"]
[BlackFideId "1705601"]
[EventDate "2015.03.10"]

1. d4 Nf6 2. c4 e6 3. Nf3 b6 4. g3 Ba6 5. b3 Bb4+ 6. Bd2 Be7 7. Bg2 c6 8. O-O
O-O 9. Bc3 d5 10. Nbd2 Nbd7 11. Re1 Rc8 12. e4 dxe4 13. Nxe4 Nxe4 14. Rxe4 Bb7
15. Re3 Bf6 16. Nd2 Qc7 17. Ne4 Be7 18. Qh5 Nf6 19. Nxf6+ Bxf6 20. g4 g6 21. Qh6
Bg7 22. Qh4 Qd8 23. g5 h6 24. Rg3 Rc7 25. Qf4 h5 26. Qd2 Rd7 27. Rd3 Qc7 28. Rd1
Rfd8 29. Qe3 Kh7 30. a4 c5 31. dxc5 Rxd3 32. Rxd3 Rxd3 33. Qxd3 Bxg2 34. Kxg2
Bxc3 35. Qxc3 Qxc5 36. h4 a5 37. Qf6 Kg8 38. Qd8+ Kg7 39. Qf6+ Kg8 40. Qd8+ Kg7
41. Qf6+ 1/2-1/2

[Event "Reykjavik Open 2015"]
[Site "Reykjavik ISL"]
[Date "2015.03.17"]
[Round "9.50"]
[White "Haldorsen, Benjamin"]
[Black "Tolhuizen, Ludo"]
[Result "1/2-1/2"]
[WhiteElo "2307"]
[BlackElo "2123"]
[WhiteFideId "1512633"]
[BlackFideId "1000802"]
[EventDate "2015.03.10"]

1. c4 e6 2. g3 d5 3. Bg2 Nf6 4. Nf3 Be7 5. O-O O-O 6. d4 c6 7. Nc3 b6 8. Qc2 Bb7
9. Rd1 Nbd7 10. b3 Qc8 11. e4 dxe4 12. Nxe4 c5 13. Nxf6+ Bxf6 14. Bb2 cxd4 15.
Bxd4 Bxd4 16. Rxd4 Nf6 17. Rad1 Qc7 18. a4 Bc6 19. Qe2 Rad8 20. Qe5 Rxd4 21.
Qxd4 h6 22. Ne5 Bxg2 23. Kxg2 Rc8 24. f3 Qc5 25. Qxc5 Rxc5 26. Rd8+ Kh7 27. Nd7
Nxd7 28. Rxd7 a6 29. Rb7 Rc6 30. Rxf7 b5 31. cxb5 axb5 32. a5 Rc2+ 33. Kh3 Rb2
34. f4 Rxb3 35. Re7 Ra3 36. Rxe6 Rxa5 37. Rb6 h5 38. Kh4 g6 39. Rb7+ Kh6 40. h3
Ra4 41. Rxb5 Rc4 42. Rb6 Ra4 43. Rf6 Rb4 44. g4 Rxf4 45. Rxf4 g5+ 46. Kg3 gxf4+
47. Kxf4 hxg4 48. hxg4 Kg6 49. g5 Kg7 50. Kf5 Kf7 51. Kg4 Kg7 52. Kf5 Kf7 53.
g6+ Kg7 54. Kg5 Kg8 55. Kf6 Kf8 56. g7+ Kg8 57. Kg6 1/2-1/2

[Event "Reykjavik Open 2015"]
[Site "Reykjavik ISL"]
[Date "2015.03.17"]
[Round "9.51"]
[White "Mamedjarova, Zeinab"]
[Black "Johannsson, Orn Leo"]
[Result "0-1"]
[WhiteTitle "WGM"]
[WhiteElo "2303"]
[BlackElo "2107"]
[WhiteFideId "13401521"]
[BlackFideId "2303051"]
[EventDate "2015.03.10"]

1. d4 d5 2. c4 c6 3. cxd5 cxd5 4. Nc3 Nf6 5. Bf4 e6 6. e3 Bd6 7. Bxd6 Qxd6 8.
Bd3 O-O 9. Nf3 Nbd7 10. O-O a6 11. Qe2 e5 12. Bf5 e4 13. Nd2 Re8 14. Rac1 Nf8
15. Bxc8 Raxc8 16. Rc2 Rc7 17. Rfc1 Rec8 18. Nb3 Ne6 19. f4 exf3 20. gxf3 h6 21.
Kh1 b5 22. Qd3 Nd7 23. Rg2 b4 24. Ne2 Rxc1+ 25. Nbxc1 Ng5 26. Rg3 Nf6 27. Kg2
Nh5 28. Qf5 Re8 29. Rg4 Nf6 30. Rg3 Rxe3 31. f4 g6 32. Qc2 Rxg3+ 33. hxg3 Nge4
34. Nd3 Kg7 35. Ne5 Nd7 36. Qc8 Nxe5 37. dxe5 Qb6 38. e6 Qf2+ 39. Kh3 Qf1+ 0-1